| 000 | 00928nam a2200229 a 4500 | ||
|---|---|---|---|
| 001 | 000047349 | ||
| 005 | 20201002060508.0 | ||
| 008 | 110414s1953 dr f000 0 spa d | ||
| 040 |
_aDO-SdBNP _bspa _cBNPHU |
||
| 082 |
_a346.0134 _bR426l |
||
| 110 | 1 |
_aRepública Dominicana. _9447 |
|
| 240 | 1 | 0 | _a[Leyes, etc.] |
| 245 | 1 | 0 | _aLeyes protectoras de la mujer en la Era de Trujillo. |
| 260 |
_aCiudad Trujillo, República Dominicana : _bFederación Nacional de Abogadas; _bDominicana, _c1953. |
||
| 300 |
_a66 p. ; _c24 cm. |
||
| 590 | _aInventariado, 2018/VM | ||
| 500 | _aIncluye referencias bibliográficas y notas al pie de las páginas | ||
| 650 | 4 |
_aDerechos de la mujer _xRepública dominicana _975007 |
|
| 650 | 4 |
_aViolencia contra la mujer _xLegislación _zRepública Dominicana _956156 |
|
| 650 | 4 |
_aViolencia familiar _xLegislación _zRepública Dominicana _956157 |
|
| 650 | 4 |
_aDerecho penal _zRepública Dominicana _916470 |
|
| 999 |
_c46837 _d46837 |
||